Language Quiz

Random Language or French Quiz

French 3 Verbal Phrases (parler) Quiz Stats

 Plays Quiz not verified by Sporcle

Support Sporcle.
Go Orange.
Score 0/50 Timer 20:00
0 Plays Today
English Phrase French Translation % Correct
I can talk.Je peux parler.
51.3%
I talked.J'ai parlé.
46.1%
without talkingsans parler
46.1%
I'm going to talk.Je vais parler.
44.7%
I have to (am supposed to) talk.Je dois parler.
44.7%
while talking, by talkingen parlant
44.7%
I want to talk.Je veux parler.
43.4%
I don't want to talk.Je ne veux pas parler.
43.4%
I am not talking.Je ne parle pas.
42.1%
I was talking.Je parlais.
40.8%
I am talking.Je parle.
39.5%
I had talked.J'avais parlé.
39.5%
I'm in the middle of talking.Je suis en train de parler.
39.5%
I would like to talk.Je voudrais parler.
39.5%
before talkingavant de parler
39.5%
I talk.Je parle.
38.2%
I don't talk.Je ne parle pas.
38.2%
I have just talked.Je viens de parler.
38.2%
in order to talkpour parler
38.2%
Let's talk.Parlons.
36.8%
I don't know how to speak Italian.Je ne sais pas parler italien.
36.8%
I didn't talk.Je n'ai pas parlé.
35.5%
I used to talk.Je parlais.
35.5%
I will talk if I can.Je parlerai si je peux.
35.5%
Don't talk (vous).Ne parlez pas.
35.5%
English Phrase French Translation % Correct
I should talk.Je devrais parler.
35.5%
Don't talk (tu).Ne parle pas.
34.2%
I wouldn't have talked.Je n'aurais pas parlé.
34.2%
I will have talked.J'aurai parlé.
32.9%
Could I talk?Est-ce que je pourrais parler?
32.9%
I told her not to talk.Je lui ai dit de ne pas parler.
32.9%
I talked for ten minutes.J'ai parlé (pendant) dix minutes.
31.6%
I hadn't talked.Je n'avais pas parlé.
31.6%
I said that I wanted to talk.J'ai dit que je voulais parler.
30.3%
I will talk when I can.Je parlerai quand je pourrai.
28.9%
I should have talked.J'aurais dû parler.
28.9%
I would talk if I could.Je parlerais si je pouvais.
27.6%
I would have talked if I had been able.J'aurais parlé si j'avais pu.
27.6%
I was going to talk.J'allais parler.
27.6%
I said that I could talk.J'ai dit que je pouvais parler.
27.6%
I was able to talk.J'ai pu parler.
27.6%
I had to talk. I must have talked.J'ai dû parler.
27.6%
I had been talking for a long time.Je parlais depuis longtemps.
26.3%
I asked him not to talk.Je lui ai demandé de ne pas parler.
26.3%
I could have talked.J'aurais pu parler.
25%
I've been talking for a long time.Je parle depuis longtemps.
25%
after talking après avoir parlé
25%
I had just talked.Je venais de parler.
22.4%
I was supposed to talk.Je devais parler.
22.4%
I was in the middle of talking.J'étais en train de parler.
9.2%

You're not logged in!

Compare scores with friends on all Sporcle quizzes.
OR
Log In

From the Vault

Remove Ads.
Support Sporcle.
Get the best of Sporcle when you Go Orange. This ad-free experience offers more features, more stats, and more fun while also helping to support Sporcle. Thank you for becoming a member.

Show Comments

Extras

Top Quizzes Today


Score Distribution

Your Account Isn't Verified!

In order to create a playlist on Sporcle, you need to verify the email address you used during registration. Go to your Sporcle Settings to finish the process.

Report this User

Report this user for behavior that violates our Community Guidelines.

Details: